000 01053nom a22002417a 4500
003 AR-RoIUNI
005 20170612081054.0
007 ou
008 170609s2010 ag |||||r|||| 00| 0 spa d
040 _bSpa
_cIUNIR
_eAnglo
080 _a159.9.072
100 1 _aBennett, George K.
245 1 0 _aTest de aptitudes diferenciales DAT :
_bforma T : manual /
_cGeorge K. Bennett, Harold G. Seashore, Alexander G. Wesman.
260 _aBuenos Aires :
_bPaidós,
_c2010.
300 _a46 p. ;
_c27 cm +
_ecuadernillos varios
500 _aAcompañan el manual: (6) cuadernos DAT (RV, C, RA, V-P, RM, RE, L .. Contiene parte I: O y parte II: L) ; Lista de respuestas correctas ; Hoja de respuestas ; Formulario de informe individual ; (4) Claves / transparencias.
505 0 _aI. Una batería integrada de test de orientación -- II. Administración y puntuación -- III. Normas y perfiles -- IV. Indicadores estadísticos.
650 4 _aPSICOLOGÍA
650 4 _aTEST
700 1 _aSeashore, Harold G.
700 1 _aWesman, Alexander G.
942 _2cdu
_cMX
999 _c3570
_d3570